Science Quiz

Random Science or Geology Quiz

An Introduction to Climate Change Quiz Stats

 Plays Quiz Updated Mar 18, 2020

Support Sporcle.
Go Orange.
Score 0/34 Timer 19:00
29 Plays Today
% Correct
Sunlight
99%
Oceans
77%
Ice
76.1%
Industrial
75.2%
Atmosphere
71.6%
Venus
68.6%
Nitrogen
68.2%
Gas
67.8%
Cancer
66%
Arctic
64.6%
Flooding
63.6%
Greenhouse
62.9%
Great Barrier
62%
Alaska
61.7%
Wind Turbines
61.6%
Hurricanes
61.6%
Coal
61.2%
% Correct
Germany
60.4%
Humans
60.3%
Hoover
59.6%
Nuclear
59.3%
Float
58.8%
Pavement
58.6%
British Columbia
58.2%
Acidic
58%
Drought
57.9%
Fuel
55.4%
Plants
54.5%
Extinction
53.6%
Wetlands
52.5%
Permafrost
52.1%
Paris
51.3%
Borneo
45.2%
Maldives
42.8%

From the Vault

Click a Chuck

by Cortez

No matter if you call them Charlie, Chuck or Charles, they're all on this quiz.
Remove Ads.
Support Sporcle.
Get the best of Sporcle when you Go Orange. This ad-free experience offers more features, more stats, and more fun while also helping to support Sporcle. Thank you for becoming a member.

Show Comments

Extras

Top Quizzes Today


Score Distribution

Your Account Isn't Verified!

In order to create a playlist on Sporcle, you need to verify the email address you used during registration. Go to your Sporcle Settings to finish the process.

Report this User

Report this user for behavior that violates our Community Guidelines.

Details: